<?xml version="1.0" encoding="UTF-8"?>
<record
    xmlns:xsi="http://www.w3.org/2001/XMLSchema-instance"
    xsi:schemaLocation="http://www.loc.gov/MARC21/slim http://www.loc.gov/standards/marcxml/schema/MARC21slim.xsd"
    xmlns="http://www.loc.gov/MARC21/slim">

  <leader>02107nam a22003977a 4500</leader>
  <controlfield tag="003">DO-SdBNP</controlfield>
  <controlfield tag="005">20260321073644.0</controlfield>
  <controlfield tag="007">ta</controlfield>
  <controlfield tag="008">210428e2019    dr ac||erb||| 001 e spa d</controlfield>
  <datafield tag="020" ind1=" " ind2=" ">
    <subfield code="a">9789945909876</subfield>
  </datafield>
  <datafield tag="040" ind1=" " ind2=" ">
    <subfield code="a">DO-SdBNP</subfield>
    <subfield code="b">spa</subfield>
    <subfield code="c">BNPHU</subfield>
  </datafield>
  <datafield tag="041" ind1=" " ind2=" ">
    <subfield code="h">spa</subfield>
  </datafield>
  <datafield tag="082" ind1=" " ind2="2">
    <subfield code="a">923.27293</subfield>
    <subfield code="b">B742B, 2019</subfield>
    <subfield code="2">22</subfield>
  </datafield>
  <datafield tag="100" ind1="1" ind2=" ">
    <subfield code="a">Bosch Carcuro, Mat&#xED;as,</subfield>
    <subfield code="9">75461</subfield>
    <subfield code="d">1977-</subfield>
  </datafield>
  <datafield tag="245" ind1="1" ind2="3">
    <subfield code="a">Prefiero vivir luchando :</subfield>
    <subfield code="b">biograf&#xED;a de Juan Bosch en primera persona / </subfield>
    <subfield code="c">Mat&#xED;as Bosch Carcuro ; Janley Rivera, editor ; &#xC1;ngela Hern&#xE1;ndez N&#xFA;&#xF1;ez, pr&#xF3;logo</subfield>
  </datafield>
  <datafield tag="250" ind1=" " ind2=" ">
    <subfield code="a">2a. ed. aumentada </subfield>
  </datafield>
  <datafield tag="264" ind1=" " ind2=" ">
    <subfield code="a">Santo Domingo :</subfield>
    <subfield code="b">Fundaci&#xF3;n Juan Bosch,</subfield>
    <subfield code="c">2019</subfield>
  </datafield>
  <datafield tag="300" ind1=" " ind2=" ">
    <subfield code="a">430 p. :</subfield>
    <subfield code="b">Ilustraciones., retratos. ;</subfield>
    <subfield code="c">23 cm.</subfield>
  </datafield>
  <datafield tag="336" ind1=" " ind2=" ">
    <subfield code="2">rdaconten</subfield>
    <subfield code="a">texto</subfield>
    <subfield code="b">txt</subfield>
  </datafield>
  <datafield tag="337" ind1=" " ind2=" ">
    <subfield code="2">rdamedia</subfield>
    <subfield code="a">sin medici&#xF3;n</subfield>
    <subfield code="b">n</subfield>
  </datafield>
  <datafield tag="338" ind1=" " ind2=" ">
    <subfield code="2">rdacarrier</subfield>
    <subfield code="a">volumen</subfield>
    <subfield code="b">nc</subfield>
  </datafield>
  <datafield tag="490" ind1=" " ind2=" ">
    <subfield code="a">Bosch vive;</subfield>
    <subfield code="v">18</subfield>
  </datafield>
  <datafield tag="500" ind1=" " ind2=" ">
    <subfield code="a">Incluye  &#xED;ndice onom&#xE1;stico</subfield>
  </datafield>
  <datafield tag="500" ind1=" " ind2=" ">
    <subfield code="a">Incluye referencias bibliogr&#xE1;ficas  y notas al pie de las p&#xE1;ginas.-</subfield>
  </datafield>
  <datafield tag="505" ind1="0" ind2=" ">
    <subfield code="a">Palabras de presentaci&#xF3;n a la segunda edici&#xF3;n.-</subfield>
  </datafield>
  <datafield tag="505" ind1="0" ind2=" ">
    <subfield code="a">A modo de pr&#xF3;logo, unas palabras.</subfield>
  </datafield>
  <datafield tag="505" ind1="0" ind2=" ">
    <subfield code="a">Presentaci&#xF3;n a la primera edici&#xF3;n.-</subfield>
    <subfield code="g">Cap&#xED;tulo I.</subfield>
    <subfield code="t">Los a&#xF1;os m&#xE1;s tiernos.-</subfield>
    <subfield code="g">Cap&#xED;tulo II.</subfield>
    <subfield code="t">"Yo s&#xE9; hacer lo que sea".-</subfield>
    <subfield code="g">Cap&#xED;tulo III.</subfield>
    <subfield code="t">Como si le hubieran abierto una vena.-</subfield>
    <subfield code="g">Cap&#xED;tulo IV.</subfield>
    <subfield code="t">Volver a nacer.-</subfield>
    <subfield code="g">Cap&#xED;tulo V.</subfield>
    <subfield code="t">El tiempo de las armas.-</subfield>
    <subfield code="g">Cap&#xED;tulo VI.</subfield>
    <subfield code="t">No perecer&#xE1; la libertad.-</subfield>
    <subfield code="t">Cap&#xED;tulo VII.</subfield>
    <subfield code="g">"No voy a morir en la mentira.-</subfield>
    <subfield code="g">Cap&#xED;tulo VIII.</subfield>
    <subfield code="t">Culminar lo que Duarte comenz&#xF3;.-</subfield>
    <subfield code="g">Cap&#xED;tulo IX.</subfield>
    <subfield code="t">Mientras est&#xE9; vivo, estar&#xE9; luchando.-</subfield>
    <subfield code="g">Anexo I.</subfield>
    <subfield code="t">Pa&#xED;ses en los que permaneci&#xF3; Juan Bosch.-</subfield>
    <subfield code="g">Anexo II.</subfield>
    <subfield code="t">Textos utilizados en la elaboraci&#xF3;n de esta biograf&#xED;a.-</subfield>
    <subfield code="t">&#xCD;ndice onom&#xE1;stico.-</subfield>
  </datafield>
  <datafield tag="590" ind1=" " ind2=" ">
    <subfield code="a">Inventariado, 2021 / MF</subfield>
  </datafield>
  <datafield tag="600" ind1="1" ind2="0">
    <subfield code="a"> Bosch, Juan, </subfield>
    <subfield code="d">1909-2001</subfield>
    <subfield code="9">76555</subfield>
  </datafield>
  <datafield tag="650" ind1=" " ind2="4">
    <subfield code="a">Presidentes</subfield>
    <subfield code="z">Rep&#xFA;blica Dominicana</subfield>
    <subfield code="v">Biograf&#xED;as</subfield>
    <subfield code="9">54449</subfield>
  </datafield>
  <datafield tag="651" ind1=" " ind2="4">
    <subfield code="a">Rep&#xFA;blica Dominicana</subfield>
    <subfield code="x">Historia</subfield>
    <subfield code="9">170</subfield>
  </datafield>
  <datafield tag="700" ind1="1" ind2=" ">
    <subfield code="a">Rivera,  Janley, </subfield>
    <subfield code="e">editor.</subfield>
    <subfield code="9">78500</subfield>
  </datafield>
  <datafield tag="700" ind1="1" ind2=" ">
    <subfield code="a">Hern&#xE1;ndez, &#xC1;ngela,</subfield>
    <subfield code="d">1954-</subfield>
    <subfield code="e">pr&#xF3;logo.</subfield>
    <subfield code="9">2564</subfield>
  </datafield>
  <datafield tag="910" ind1=" " ind2=" ">
    <subfield code="a">Validado. Control de calidad MFF</subfield>
  </datafield>
  <datafield tag="942" ind1=" " ind2=" ">
    <subfield code="2">ddc</subfield>
    <subfield code="c">LBS1</subfield>
  </datafield>
  <datafield tag="952" ind1=" " ind2=" ">
    <subfield code="0">0</subfield>
    <subfield code="1">0</subfield>
    <subfield code="2">ddc</subfield>
    <subfield code="5">1</subfield>
    <subfield code="7">0</subfield>
    <subfield code="8">PD</subfield>
    <subfield code="a">BNPHU</subfield>
    <subfield code="b">BNPHU</subfield>
    <subfield code="c">HD</subfield>
    <subfield code="d">2019-10-16</subfield>
    <subfield code="e">Donado por Fundaci&#xF3;n Juan Bosch</subfield>
    <subfield code="o">BNPHU PD 923.27293 B742B 2019</subfield>
    <subfield code="p">2021-1609</subfield>
    <subfield code="r">2021-04-28</subfield>
    <subfield code="w">2021-04-28</subfield>
    <subfield code="y">LBS1</subfield>
  </datafield>
  <datafield tag="952" ind1=" " ind2=" ">
    <subfield code="0">0</subfield>
    <subfield code="1">0</subfield>
    <subfield code="2">ddc</subfield>
    <subfield code="5">1</subfield>
    <subfield code="7">0</subfield>
    <subfield code="8">PD</subfield>
    <subfield code="a">BNPHU</subfield>
    <subfield code="b">BNPHU</subfield>
    <subfield code="c">HD</subfield>
    <subfield code="d">2019-10-16</subfield>
    <subfield code="e">Donado por Fundaci&#xF3;n Juan Bosch</subfield>
    <subfield code="o">BNPHU PD 923.27293 B742B 2019</subfield>
    <subfield code="p">2021-1610</subfield>
    <subfield code="r">2021-04-28</subfield>
    <subfield code="t">e.2</subfield>
    <subfield code="w">2021-04-28</subfield>
    <subfield code="y">LBS1</subfield>
  </datafield>
  <datafield tag="952" ind1=" " ind2=" ">
    <subfield code="0">0</subfield>
    <subfield code="1">0</subfield>
    <subfield code="2">ddc</subfield>
    <subfield code="5">6</subfield>
    <subfield code="7">0</subfield>
    <subfield code="8">DS</subfield>
    <subfield code="a">BNPHU</subfield>
    <subfield code="b">BNPHU</subfield>
    <subfield code="c">HD</subfield>
    <subfield code="d">2019-09-18</subfield>
    <subfield code="e">Dep&#xF3;sito legal</subfield>
    <subfield code="o">BNPHU DS 923.27293 B742B 2019</subfield>
    <subfield code="p">2023-2632</subfield>
    <subfield code="r">2023-06-21</subfield>
    <subfield code="t">e.3</subfield>
    <subfield code="w">2023-06-21</subfield>
    <subfield code="y">LBS1</subfield>
  </datafield>
  <datafield tag="999" ind1=" " ind2=" ">
    <subfield code="c">49787</subfield>
    <subfield code="d">49787</subfield>
  </datafield>
</record>
